000 01388aam a2200277 4500
999 _c45873
_d45873
001 19509
003 CO-MdFUSB
005 20171110082907.0
008 170407t1991 enk||||| |||| 00| 0 eng d
020 _a0-19-826204-3
040 _aCO-MdFUSB
_bspa
_cCO-MdFUSB
_dCO-MdFUSBC
_erda
041 _aeng
082 0 4 _aG 225.6 R28v
100 1 _aReumann, John
_eautor
245 0 0 _aVariety and unity in New Testament thought
_c/ John Reumann
264 4 _aOxford, England:
_bOxford University Press,
_c© 1991
300 _axii, 330 páginas
336 _2rdacontent
_atexto
_btxt
337 _2rdamedia
_asin mediación
_bn
338 _2rdacarrier
_avolumen
_bnc
500 _aIncluye índices p. 309-330)
501 _aRústico
505 0 0 _a¿Hay un centro del Nuevo Testamento? - El canon del Nuevo Testamento y las técnicas de la erudición moderna - Caminos propuestos hacia la unidad del Nuevo Testamento - Jesús de Nazaret como punto de partida - El testigo de los cuatro evangelios - La teología de Pablo - Introducción a los otros libros del Nuevo Testamento - La escuela de Pablo - 1 Pedro - El libro enigmático de Hebreos - La sabiduría de Santiago - Tres cartas de Juan - El desarrollos de Apocalipsis - Dos apologistas contundentes para el cristianismo primitivo - Otra mirada a Hechos - ¿Sostendrá un centro?
630 0 7 _aBiblia.
_pNuevo Testamento
942 _cBK